[Event "Pontevedra op-B 10th"]
[Site "Pontevedra"]
[Date "2022.07.27"]
[Round "5.4"]
[White "Garcia Abreu, Benjamin"]
[Black "Pousada Garcia, Daniel"]
[Result "0-1"]
[WhiteElo "1618"]
[BlackElo "1932"]
[PlyCount "40"]
[EventDate "2022.07.24"]
[EventType "swiss"]
[EventRounds "9"]
[EventCountry "ESP"]
[SourceTitle "EXT 2023"]
[Source "ChessBase"]
[SourceDate "2022.10.05"]
[SourceVersion "1"]
[SourceVersionDate "2022.10.05"]
[SourceQuality "1"]

1. c4 Nf6 2. Nc3 e5 3. e4 Bc5 4. d3 h6 5. h3 c6 6. Nf3 0-0 7. g3 d5 8. Qe2 b5 9. b3 Bd4 10. Bd2 b4 11. Nxd4 bxc3 12. Bxc3 exd4 13. Bxd4 dxe4 14. Qe3 Re8 15. 0-0-0 Bf5 16. g4 Bg6 17. Rg1 exd3 18. Bxf6 gxf6 19. Qxh6 Qd4 20. f4 d2+ 0-1

[Event "Pontevedra op 21st"]
[Site "Pontevedra"]
[Date "2008.08.10"]
[Round "1"]
[White "Garcia Abreu, Benjamin"]
[Black "Rivera Kuzawka, Daniel"]
[Result "0-1"]
[WhiteElo "1818"]
[BlackElo "2322"]
[PlyCount "62"]
[EventDate "2008.08.10"]
[EventType "swiss"]
[EventRounds "9"]
[EventCountry "ESP"]
[SourceTitle "CBM 125 Extra"]
[Source "ChessBase"]
[SourceDate "2008.09.01"]
[SourceVersion "1"]
[SourceVersionDate "2008.09.01"]
[SourceQuality "1"]

1. Nf3 c5 2. c4 Nc6 3. Nc3 g6 4. g3 Bg7 5. Bg2 e5 6. e4 Nge7 7. d3 d6 8. Be3 a6 9. 0-0 Rb8 10. a4 0-0 11. b3 f5 12. Bg5 h6 13. Bxe7 Nxe7 14. Ra2 f4 15. Nd5 g5 16. Nxe7+ Qxe7 17. Nd2 g4 18. f3 h5 19. fxg4 hxg4 20. Rf2 Bh6 21. Nf1 Be6 22. Rab2 Kg7 23. Bh1 Qg5 24. Qe1 b6 25. b4 cxb4 26. Qxb4 Qe7 27. Qc3 Kh7 28. Qc2 Qc7 29. d4 fxg3 30. hxg3 Rxf2 31. Qxf2 Rf8 0-1